AQA Business Studies for A2 : Revision Guide (Record no. 1250)

MARC details
005 - DATE AND TIME OF LATEST TRANSACTION
control field 20250409145929.0
020 ## - INTERNATIONAL STANDARD BOOK NUMBER
International Standard Book Number 978-1-444-10795-1
082 ## - DEWEY DECIMAL CLASSIFICATION NUMBER
Classification number 650 MAR
100 ## - MAIN ENTRY--PERSONAL NAME
Author name MARCOUSE, I.
245 ## - TITLE STATEMENT
Title AQA Business Studies for A2 : Revision Guide
250 ## - EDITION STATEMENT
Edition statement 2nd Ed.
260 ## - PUBLICATION, DISTRIBUTION, ETC.
Place of publication, distribution, etc. London,
Name of publisher, distributor, etc. Hodder Education,
Date of publication, distribution, etc. 2010.
300 ## - PHYSICAL DESCRIPTION
Extent 124p.: ill.; figure,
Other physical details index,
Dimensions 28cm.
700 ## - ADDED ENTRY--PERSONAL NAME
Other authors/Editors BIRCHALL, N. & MARCOUSE, C.
942 ## - ADDED ENTRY ELEMENTS (KOHA)
Source of classification or shelving scheme Dewey Decimal Classification
Koha item type Books
Holdings
Date last seen Total checkouts Full call number Barcode Cost, replacement price Price effective from Koha item type Lost status Source of classification or shelving scheme Damaged status Not for loan Withdrawn status Home library Current library Shelving location Date acquired Cost, normal purchase price
04/09/2025   650 MAR 0000004907 71520.00 04/09/2025 Books   Dewey Decimal Classification       College of Business Education Main Library College of Business Education Main Library General Collection 04/09/2025 23840.00